Velká a malá politika zaměstnanosti.
V hospodárskej politike v oblasti zamestnanosti možno rozlišovať "veľkú" a "malú" politiku zamestnanosti. "Veľká" politika sa zameriava na odstránenie príčin vzniku nadmernej nezamestnanosti, zatiaľ čo "malá" politika zamestnanosti rieši dôsledky existujúcej nerovnováhy na trhu práce, zohľadňuje reg...
Gespeichert in:
| 1. Verfasser: | |
|---|---|
| Format: | Buchkapitel |
| Sprache: | Tschechisch |
| Schlagworte: | |
| Tags: |
Keine Tags, Fügen Sie das erste Tag hinzu!
|
MARC
| LEADER | 00000naa a2200000 4500 | ||
|---|---|---|---|
| 001 | r008328 | ||
| 005 | 20220831084817.2 | ||
| 041 | 0 | |a cze | |
| 044 | |a [CS] | ||
| 245 | 1 | 0 | |a Velká a malá politika zaměstnanosti. |c O. Němec |
| 520 | |a V hospodárskej politike v oblasti zamestnanosti možno rozlišovať "veľkú" a "malú" politiku zamestnanosti. "Veľká" politika sa zameriava na odstránenie príčin vzniku nadmernej nezamestnanosti, zatiaľ čo "malá" politika zamestnanosti rieši dôsledky existujúcej nerovnováhy na trhu práce, zohľadňuje regionálne aspekty nezamestnanosti. Poznatky z praxe západných ekonomík, z uplatňovania keynesiánskej politiky a neokonzervatívnej hospodárskej politiky. | ||
| 610 | 2 | 0 | |a zamestnanosť |
| 610 | 2 | 0 | |a politika hospodárska |
| 610 | 2 | 0 | |a nezamestnanosť |
| 610 | 2 | 0 | |a trh práce |
| 610 | 2 | 0 | |a keynesizmus |
| 610 | 2 | 0 | |a neokonzervativizmus |
| 100 | 1 | |a Němec, Otakar | |